000
00232 a2200097 4500
001
51067
100
_a
Leventhal L A
245
_a
6502 Assembly Language programming
260
_a
California
_b
McGraw-Hill
_c
090
_c
32329
_d
32329
942
_a
NUST-CAE
_c
M
_c
24813
999
_c
286140
_d
286140